| 000 | 00699cam a2200253 a 4500 | ||
|---|---|---|---|
| 001 | 13859357 | ||
| 005 | 20180209072937.0 | ||
| 008 | 050202s1999 ilu d 000 0 eng d | ||
| 010 | _a 2005357110 | ||
| 020 | _a1579581552 | ||
| 035 | _a(OCoLC)ocm42033439 | ||
| 040 |
_aJDY _cJDY _dZBL _dMUQ _dOCLCQ _dDLC |
||
| 041 | _aeng | ||
| 042 | _alccopycat | ||
| 043 |
_ae-uk--- _an-us--- |
||
| 080 | _a349.4103 STE | ||
| 082 | 0 | 0 |
_a349.4103 STE _222 |
| 100 | _a15 | ||
| 101 | _aJUR | ||
| 245 | 0 | 0 |
_aDictionary of law / _ceditor, P.H. Collin. |
| 906 |
_a7 _bcbc _ccopycat _d2 _encip _f20 _gy-gencatlg |
||
| 942 |
_2ddc _cBK |
||
| 999 |
_c42261 _d42261 |
||